| 000 | 00703nam a2200229 a 4500 | ||
|---|---|---|---|
| 003 | PILC | ||
| 005 | 20160202095704.0 | ||
| 008 | 111013s19uu xx 00 eng d | ||
| 010 | _a2007928073 | ||
| 020 | _a9780495103202 | ||
| 050 |
_aBF 121 _b.P626 2008 |
||
| 100 | _aPlotnik, Rod. | ||
| 245 |
_aIntroduction to psychology / _cRod Plotnik, Haig Kouyoumdjian. |
||
| 250 | _a8th edition. | ||
| 260 |
_aAustralia ; Belmont, CA : _bThomson/Wadsworth, _c2008. |
||
| 300 |
_a728 pages : _bcolor illustrations ; _c28 cm. |
||
| 500 | _aIncludes bibliographical references and indexes. | ||
| 650 |
_aPsychology _xTextbooks. |
||
| 700 | _aKouyoumdjian, Haig. | ||
| 942 |
_cBK _2lcc _kFOR |
||
| 999 |
_c24609 _d24609 |
||